Logistics of facility location and allocation
Αποθηκεύτηκε σε:
| Κύριος συγγραφέας: | |
|---|---|
| Μορφή: | Βιβλίο |
| Γλώσσα: | English |
| Δημοσίευση: |
New York :
Marcel Dekker,
c2001
|
| Σειρά: | Industrial engineering ;
; 21 |
| Θέματα: | |
| Ετικέτες: |
Προσθήκη ετικέτας
Δεν υπάρχουν, Καταχωρήστε ετικέτα πρώτοι!
|
MARC
| LEADER | 00000nam a2200000 i 4500 | ||
|---|---|---|---|
| 001 | 1/97247 | ||
| 008 | 081113s2001 eng d | ||
| 020 | |a 0-8247-0493-2 | ||
| 035 | |l 10101642 | ||
| 040 | |a GR-MY-UA |b gre |e aacr | ||
| 041 | 0 | |a eng | |
| 082 | 0 | |a 658.21 |2 (22) | |
| 100 | 1 | |a Sule, D. R. |q (Dileep R.) | |
| 245 | 1 | 0 | |a Logistics of facility location and allocation / |c Dileep R. Sule |
| 260 | |a New York : |b Marcel Dekker, |c c2001 | ||
| 300 | |a ix, 459 σ.; |b εικ.; |c 24 εκ. | ||
| 490 | 1 | |a Industrial engineering |v ; 21 | |
| 504 | |a Βιβλιογραφία : σ. 447-453 | ||
| 650 | 0 | 0 | |a Industrial location |x Mathematical models. |
| 830 | 0 | |a Industrial engineering ; |v ; 21 | |
| 852 | |a INST |b CHIOS |e 20081113 |h 658.21 SUL |p 005200030788 |q 005200030788 |t BK |y 0 | ||
| 901 | |a BIBL2-2008-3 | ||
| 909 | |a Χ |b 153801 | ||
| 922 | |a 2ΕΛΗ |b 200809 |c ΕΠΕΑΕΚ2/ΤΔΕ |d Ι. ΜΙΧΑΛΟΠΟΥΛΟΣ | ||
| 970 | |a ΒΑΡΦΗΣ |b ΒΑΓΓΕΛΗΣ |z 2008/11/13 | ||